000
00262nam a2200109Ia 4500
008
190802s9999 xx 000 0 und d
100
_a
Dell Karnegi
245
0
_a
Mithay bol main Jadu hai
260
_a
Lahore
_b
Haq Publishers
_c
2018
300
_a
336:p
942
_c
BK
999
_c
2511
_d
2511